000 00293nam a2200121 a 4500
005 20140513081058.0
008 080110s19uu xx 00 eng d
050 _aVCD
_bCo683 2004
245 _aColors and shapes.
260 _bLyons partnership,
_c2003.
440 _aBarney:
999 _c116626
_d116626